000 00734nam a2200229 a 4500
001
003 DO-SdBNP
005 20220314094434.0
008 091130t1996 dr 001 0 spa d
040 _aDO-SdBNP
_bspa
_cBPMSU
082 _a999
_bB742e 1996
_222
100 1 _aBosch Quidiello, Patricio,
_d1946-
245 1 0 _a¿Existen los extraterrestres? /
_cPatricio Bosch Quidiello.
260 _aSanto Domingo :
_bCorripio,
_c1996.
300 _a60 p. ;
_c23 cm.
500 _aIncluye referencias bibliográficas y notas al pie de páginas.
504 _aBibliografía : p. 57-60
590 _6Inventariado, 2022/VM
650 4 _aVida en otros planetas
_xEnsayos, conferencias, etc.
910 _a VMateo V.
942 _2ddc
_cBK
999 _c14070
_d14070